000 00572nam a2200193Ia 4500
001 5468
003 GE_BSU
008 181216s||||||||xx |||||||||||||| ||und||
040 _cGE_BSU
080 _a512
100 _aПизо Ш. Заманский М.
245 _aКурс математики. Алгебра и анализ.
245 _cПер.д с французского Е. И. Стечкиной.
260 _aМосква
260 _c1971
300 _a656 с.
653 _aКурс математики. Алгебра и анализ.
942 _cBK
999 _c38995
_d38995